| 000 | 01258nam a2200337 c 4500 | ||
|---|---|---|---|
| 003 | BLK | ||
| 005 | 20180421000908.0 | ||
| 008 | 180411b bul|||||r ||||||| ||bul|| | ||
| 010 | _aKNG00203271000 | ||
| 040 | _aBLK | ||
| 041 |
_aBUL _cBUL |
||
| 072 | 7 |
_2bullib _aА _xФонд Михаил Арнаудов |
|
| 080 |
_aМатерия - Превръщане на материята. Първична материя. Субстанциална форма. Вж и 541 _b117 _x _z117 |
||
| 080 |
_aФилософия на духа. Метафизика на духовния живот _b13 _x _z13 |
||
| 100 | 1 |
_aГидиков, Стефан Стефанов _eпърви автор _954001 |
|
| 139 |
_aГидиков, Стефан Стефанов _bГ 46 |
||
| 245 | 1 | 0 |
_aДух и материя _cСтефан Стефанов Гидиков. |
| 257 | _aBGR | ||
| 260 | _аСофия | ||
| 300 |
_a13 с. _c23 см |
||
| 380 | _a1 | ||
| 500 | _aОтпеч. | ||
| 650 | 4 |
_aМатерия (филос.) _9254719 |
|
| 650 | 4 |
_aДуша (филос.) _9153913 |
|
| 659 | _aА | ||
| 852 | _aЦб МА 3508 | ||
| 856 | 4 |
_qpdf _u |
|
| 856 | 4 |
_qpdf _u |
|
| 942 |
_cKNG _n0 |
||
| 944 |
_aCR _c16.03.2017 _kГеновева_Генчева |
||
| 944 |
_aED _c16.03.2017 _kГеновева_Генчева |
||
| 999 |
_c194047 _d194047 |
||